Central Library OPAC University of Rajshahi

Africa's search for identity / (Record no. 40726)

MARC details
000 -LEADER
fixed length control field 00684nam a2200241 a 4500
001 - CONTROL NUMBER
control field 40726
003 - CONTROL NUMBER IDENTIFIER
rucl marc code BD-RjUL
005 - DATE AND TIME OF LATEST TRANSACTION
control field 20211209053254.0
008 - FIXED-LENGTH DATA ELEMENTS--GENERAL INFORMATION
fixed length control field 711108s1966 nyub 000 0 eng
035 ## - SYSTEM CONTROL NUMBER
System control number (BD-RjUL)40841)
040 ## - CATALOGING SOURCE
Original cataloging agency DLC
Transcribing agency DLC
Modifying agency BD-RjUL
Language of cataloging eng
041 ## - LANGUAGE CODE
Language code of text/sound track or separate title eng
082 00 - DEWEY DECIMAL CLASSIFICATION NUMBER
Classification number 309.16
Edition number 23
Author mark and year FEA 1966
100 1# - MAIN ENTRY--PERSONAL NAME
Personal name Ferkiss, Victor C.
9 (RLIN) 125312
245 10 - TITLE STATEMENT
Title Africa's search for identity /
Statement of responsibility, etc. [by] Victor C. Ferkiss.
260 ## - PUBLICATION, DISTRIBUTION, ETC. (IMPRINT)
Place of publication, distribution, etc. New York,
Name of publisher, distributor, etc. Braziller
Date of publication, distribution, etc. [1966]
300 ## - PHYSICAL DESCRIPTION
Pagination 346 p. :
Illustrations map.
Size 22 cm.
651 #0 - SUBJECT ADDED ENTRY--GEOGRAPHIC NAME
Geographic name Africa
General subdivision Politics and government.
9 (RLIN) 125313
Geographic name Africa
General subdivision Civilization.
9 (RLIN) 125314
942 ## - ADDED ENTRY ELEMENTS (KOHA)
Source of classification or shelving scheme Dewey Decimal Classification
Koha item type Books
Holdings
Lost status Source of classification or shelving scheme Damaged status Not for loan Collection code Permanent Location Current Location Shelving location Date acquired Source of acquisition Total Checkouts Full call number Date last seen Copy number Koha item type
  Dewey Decimal Classification     Non-fiction Central Library, University of Rajshahi Central Library, University of Rajshahi   11/12/1970 Zeithing   309.16 FEA 1966 09/05/2016 C-2 Books